| 000 | 00829nam a22002177a 4500 | ||
|---|---|---|---|
| 999 |
_c2146 _d2146 |
||
| 003 | AR-CdUCM | ||
| 008 | 190304b ||||| |||| 00| 0 spa d | ||
| 040 |
_aMUNICIPALIDAD PROVINCIAL DEL CUSCO _cBIBLIOTECA MUNICIPAL DEL CUSCO |
||
| 082 |
_23ra ed. _a980.51 / _bV18 |
||
| 100 |
_aValcárcel, Luis E. _9628 |
||
| 245 | _aTempestad en los Andes / | ||
| 260 |
_aPerú : _bMinisterio de Cultura Cusco , _c2013. |
||
| 300 |
_axxxiv, 183 páginas ; _c28 cm. |
||
| 505 | _aTempestad en los Antes -- Detrás de las Montañas -- La Sierra Trágica -- Ideario -- El Problema Indigena -- Arriba los Indios -- La Acción Adventista ... | ||
| 650 |
_aIndigenismo _9208 |
||
| 650 |
_aValcárcel _97731 |
||
| 650 |
_aPolítica y gobierno _92693 |
||
| 710 |
_aDirección Regional de Cultura Cusco _97732 |
||
| 942 |
_2ddc _cLIBROS |
||
| 945 | _artm | ||